000 00566 a2200217 4500
001 000702
003 OSt
005 20210928112621.0
008
020 _a039391917X
040 _cCURAJ
082 _a338.9
_bJ73I
100 1 _aJones, Charles I.
245 1 _aIntroduction to economic growth
_cby Charles I. Jones
250 _a2nd ed.
260 _aNew Dehli
_bW.W. Norton & Co.
_c2009
300 _a237p.
630 _aEconomics
690 _aEconomic development; Economic indicators; Economic policy
942 _2ddc
_cBK
999 _c9
_d9